000 00844nam a2200229Ii 4500
003 JO-AjNU
008 230605s9999||||xx |||||||||||||| ||und||
017 _a39084
020 _a9957-32-301-0
040 _aJO-AjNU
_bara
_erda
_cJO-AjNU
041 _aara
050 1 4 _aHD30.3.A45.2007
100 3 _aعلي،صباح حميد/غازي فرحان ابو زيتون,
_eauthor
_929070
245 0 0 _aالاتصالات الادارية:اسس ومفاهيم ومراسلات الاعمال=Managerial Communiction:Basics.concepts and business correspondence
250 _aط1
264 3 1 _aعمان:دار الحامد للتشر والتوزيع،2007
300 _a253ص
336 _atext
_btxt
_2rdacontent
337 _aunmediated
_bn
_2rdamedia
338 _avolume
_bnc
_2rdacarrier
650 4 _aالادارة-الاتصال
_929071
999 _aA11354
_c14922
_d14922